[Event "XIX Sants Open 2017"]
[Site "Cotxeres de Sants"]
[Date "2017.08.24"]
[Round "7"]
[White "Serentill Tost, Eduard"]
[Black "Lopez Oliva, Victor"]
[Result "0-1"]
[WhiteElo "1619"]
[BlackElo "1530"]
[Annotator "NA RC"]
[PlyCount "108"]
[EventDate "2017.??.??"]
[EventType "swiss"]
[EventCountry "ESP"]
[SourceTitle "playchess.com"]
[Source "ChessBase"]
[SourceQuality "1"]
[TimeControl "40/5400+30:1800+30"]

1. e4 {[%emt 0:00:00]} d5 {[%emt 0:00:08]} 2. exd5 {[%emt 0:00:00]} Qxd5 {[%emt 0:00:06]} 3. Nc3 {[%emt 0:00:00]} Qa5 {[%emt 0:00:07]} 4. d4 {[%emt 0:00:00]} Nf6 {[%emt 0:02:19]} 5. Nf3 {[%emt 0:02:27]} Bf5 {[%emt 0:06:04]} 6. Bc4 {[%emt 0:05:44]} e6 {[%emt 0:01:21]} 7. Bd2 {[%emt 0:00:52]} c6 {[%emt 0:00:16]} 8. Ne4 {[%emt 0:00:41]} Qd8 {[%emt 0:00:24]} 9. Nxf6+ {[%emt 0:01:20]} Qxf6 {[%emt 0:00:07]} 10. c3 {[%emt 0:03:15]} h6 {[%emt 0:07:18]} 11. h3 {[%emt 0:05:59]} Nd7 {[%emt 0:04:15]} 12. Qe2 {[%emt 0:02:02]} Nb6 {[%emt 0:01:26]} 13. Bb3 {[%emt 0:02:21]} Be7 {[%emt 0:06:57]} 14. Bf4 {[%emt 0:05:00]} O-O {[%emt 0:03:11]} 15. g4 {[%emt 0:01:34]} Bxg4 {[%emt 0:02:32]} 16. hxg4 {[%emt 0:01:11]} Qxf4 {[%emt 0:00:09]} 17. Nd2 {[%emt 0:01:30]} Bg5 {[%emt 0:10:12]} 18. O-O-O {[%emt 0:01:07]} Rad8 {[%emt 0:02:10]} 19. Kb1 {[%emt 0:00:46]} Nd5 {[%emt 0:09:20]} 20. Ne4 {[%emt 0:06:00]} Nf6 {[%emt 0:01:15]} 21. Nxf6+ {[%emt 0:01:40]} Qxf6 {[%emt 0:02:01]} 22. Bc2 {[%emt 0:01:54]} g6 {[%emt 0:08:02]} 23. Rd3 {[%emt 0:03:39]} Qf4 {[%emt 0:07:12]} 24. Rdh3 {[%emt 0:01:24]} Kg7 {[%emt 0:00:56]} 25. f3 {[%emt 0:01:57]} Rh8 {[%emt 0:02:38]} 26. Qc4 {[%emt 0:06:49]} Rh7 {[%emt 0:00:53]} 27. Qb3 {[%emt 0:00:09]} b5 {[%emt 0:05:28]} 28. Qa3 {[%emt 0:02:50]} Rdh8 {[%emt 0:00:56]} 29. Qc5 {[%emt 0:02:56]} h5 {[%emt 0:00:34]} 30. Qe5+ {[%emt 0:00:55]} Qxe5 {[%emt 0:01:21]} 31. dxe5 {[%emt 0:00:02]} hxg4 {[%emt 0:00:37]} 32. Rxh7+ {[%emt 0:01:35]} Rxh7 {[%emt 0:00:07]} 33. Rxh7+ {[%emt 0:00:44]} Kxh7 {[%emt 0:00:03]} 34. fxg4 {[%emt 0:00:06]} Bf4 {[%emt 0:00:12]} 35. Be4 {[%emt 0:01:11]} c5 {[%emt 0:00:12]} 36. Bc6 {[%emt 0:01:52]} b4 {[%emt 0:00:11]} 37. cxb4 {[%emt 0:01:28]} cxb4 {[%emt 0:00:03]} 38. a3 {[%emt 0:00:36]} bxa3 {[%emt 0:00:11]} 39. bxa3 {[%emt 0:00:14]} Bxe5 {[%emt 0:00:05]} 40. Kc2 {[%emt 0:00:00]} f5 {[%emt 0:00:38]} 41. gxf5 {[%emt 0:01:17]} exf5 {[%emt 0:00:10]} 42. Kd3 {[%emt 0:00:47]} Kh6 {[%emt 0:01:13]} 43. Ke3 {[%emt 0:00:08]} g5 {[%emt 0:00:41]} 44. Bd7 {[%emt 0:00:22]} Kg6 {[%emt 0:00:13]} 45. a4 {[%emt 0:00:59]} g4 {[%emt 0:00:29]} 46. Bc8 {[%emt 0:00:33]} Kg5 {[%emt 0:00:21]} 47. Bb7 {[%emt 0:01:27]} Bf4+ {[%emt 0:01:51]} 48. Kf2 {[%emt 0:00:29]} Bc1 {[%emt 0:00:50]} 49. Kg2 {[%emt 0:00:55]} Kh4 {[%emt 0:01:17]} 50. Bc6 {[%emt 0:00:34]} f4 {[%emt 0:01:24]} 51. Bd5 {[%emt 0:01:33]} Be3 {[%emt 0:01:08]} 52. Bc6 {[%emt 0:00:18]} f3+ {[%emt 0:00:31]} 53. Kf1 {[%emt 0:00:02]} Kg3 {[%emt 0:00:43]} 54. Bd7 {[%emt 0:00:47]} Kf4 0-1

[Event "XIX Sants Open 2017"]
[Site "Cotxeres de Sants"]
[Date "2017.08.24"]
[Round "7"]
[White "Abdelkader Garstka, Adam"]
[Black "Aparicio Escudero, Hector F"]
[Result "1-0"]
[WhiteElo "1612"]
[BlackElo "1641"]
[Annotator "NA RC"]
[PlyCount "71"]
[EventDate "2017.??.??"]
[EventType "swiss"]
[EventCountry "ESP"]
[SourceTitle "playchess.com"]
[Source "ChessBase"]
[SourceQuality "1"]
[TimeControl "40/5400+30:1800+30"]

1. e4 {[%emt 0:00:00]} Nc6 {[%emt 0:00:11]} 2. Nf3 {[%emt 0:00:00]} d6 {[%emt 0:00:07]} 3. Nc3 {[%emt 0:00:36]} Nf6 {[%emt 0:00:18]} 4. Bb5 {[%emt 0:00:48]} Bd7 {[%emt 0:00:27]} 5. O-O {[%emt 0:01:02]} e5 {[%emt 0:00:59]} 6. h3 {[%emt 0:01:55]} Be7 {[%emt 0:00:42]} 7. d3 {[%emt 0:01:14]} O-O {[%emt 0:00:48]} 8. Be3 {[%emt 0:01:36]} a6 {[%emt 0:00:44]} 9. Ba4 {[%emt 0:01:36]} b5 {[%emt 0:01:46]} 10. Bb3 {[%emt 0:00:48]} Na5 {[%emt 0:00:59]} 11. Nd2 {[%emt 0:02:12]} Nxb3 {[%emt 0:00:50]} 12. axb3 {[%emt 0:01:46]} c5 {[%emt 0:06:08]} 13. f4 {[%emt 0:01:57]} Bc6 {[%emt 0:02:32]} 14. fxe5 {[%emt 0:05:30]} dxe5 {[%emt 0:00:58]} 15. Qe1 {[%emt 0:09:35]} Bb7 {[%emt 0:04:52]} 16. Rf5 {[%emt 0:13:50]} Nd7 {[%emt 0:10:23]} 17. Qg3 {[%emt 0:08:24]} f6 {[%emt 0:04:14]} 18. Nf3 {[%emt 0:06:30]} c4 {[%emt 0:03:34]} 19. bxc4 {[%emt 0:04:54]} bxc4 {[%emt 0:00:31]} 20. d4 {[%emt 0:03:42]} Qb6 {[%emt 0:06:46]} 21. Na4 {[%emt 0:06:03]} Qb5 {[%emt 0:01:11]} 22. dxe5 {[%emt 0:04:42]} Bxe4 {[%emt 0:01:04]} 23. exf6 {[%emt 0:00:29]} Bxf6 {[%emt 0:02:05]} 24. Rxb5 {[%emt 0:00:57]} axb5 {[%emt 0:00:33]} 25. Rd1 {[%emt 0:01:16]} Rxa4 {[%emt 0:02:02]} 26. Rxd7 {[%emt 0:01:02]} Ra1+ {[%emt 0:01:20]} 27. Kh2 {[%emt 0:00:40]} Bxc2 {[%emt 0:04:37]} 28. Bd4 {[%emt 0:00:52]} Bxd4 {[%emt 0:01:59]} 29. Nxd4 {[%emt 0:00:21]} Bg6 {[%emt 0:00:55]} 30. Qe5 {[%emt 0:02:35]} Rf7 {[%emt 0:02:04]} 31. Rxf7 {[%emt 0:01:52]} Kxf7 {[%emt 0:01:06]} 32. Qe6+ {[%emt 0:01:12]} Kf8 {[%emt 0:00:24]} 33. Nxb5 {[%emt 0:00:34]} Rb1 {[%emt 0:03:02]} 34. Qxc4 {[%emt 0:01:55]} Rxb2 {[%emt 0:02:10]} 35. Qf4+ {[%emt 0:01:17]} Bf7 {[%emt 0:01:48]} 36. Nd6 {[%emt 0:00:18]} 1-0

[Event "XIX Sants Open 2017"]
[Site "Cotxeres de Sants"]
[Date "2017.08.24"]
[Round "7"]
[White "Segura Ruiz, Carlos"]
[Black "Lopez Arjona, Emilio"]
[Result "1-0"]
[WhiteElo "1414"]
[BlackElo "1547"]
[Annotator "NA RC"]
[PlyCount "87"]
[EventDate "2017.??.??"]
[EventType "swiss"]
[EventCountry "ESP"]
[SourceTitle "playchess.com"]
[Source "ChessBase"]
[SourceQuality "1"]
[TimeControl "40/5400+30:1800+30"]

1. b3 Nf6 2. Bb2 c5 3. g3 Nc6 4. Bg2 d5 5. c4 d4 6. d3 e5 7. Nd2 Bd6 8. Ngf3 O-O 9. Ng5 Qc7 10. Nge4 Nxe4 11. Nxe4 Be7 12. O-O f5 13. Nd2 Bd7 14. a3 Rab8 15. Qc2 Bd6 16. Rae1 Rbe8 17. e4 f4 18. Nf3 Be7 19. Bc1 g5 20. Kh1 Kh8 21. Ng1 Rg8 22. f3 fxg3 23. hxg3 Rg6 24. Bh3 Rh6 25. Kg2 Rf8 26. Rf2 Qc8 27. g4 Nd8 28. Ne2 Rg6 29. Rh1 Kg7 30. Ng3 h6 31. Nf5+ Bxf5 32. gxf5 Rgf6 33. Bg4 Rh8 34. Kg3 Nf7 35. Rfh2 Qc6 36. Bd2 Bd8 37. Qc1 Qe8 38. Bh5 Qf8 39. Bxf7 Rxf7 40. Kg4 Kf6 41. Bxg5+ Kg7 42. Rxh6 Rxf5 43. exf5 Kf7 44. Rxh8 1-0

[Event "XIX Sants Open 2017"]
[Site "Cotxeres de Sants"]
[Date "2017.08.24"]
[Round "7"]
[White "Zverev, Lev"]
[Black "Vargas Drechsler, Carlos"]
[Result "0-1"]
[WhiteElo "1372"]
[BlackElo "1913"]
[Annotator "NA RC"]
[PlyCount "136"]
[EventDate "2017.??.??"]
[EventType "swiss"]
[EventCountry "ESP"]
[SourceTitle "playchess.com"]
[Source "ChessBase"]
[SourceQuality "1"]
[TimeControl "40/5400+30:1800+30"]

1. e4 {[%emt 0:00:00]} e5 {[%emt 0:00:38]} 2. Nf3 {[%emt 0:00:00]} Nc6 {[%emt 0:00:10]} 3. Bc4 {[%emt 0:00:00]} Nf6 {[%emt 0:00:21]} 4. d3 {[%emt 0:00:00]} Bc5 {[%emt 0:00:50]} 5. c3 {[%emt 0:00:08]} d6 {[%emt 0:00:26]} 6. Bb3 {[%emt 0:00:21]} Bg4 {[%emt 0:03:23]} 7. Nbd2 {[%emt 0:00:40] C54: Giuoco Piano: 4 c3 Nf6, main lines with 5 d4 and 5 d3} Qd7 {[%emt 0:02:25]} 8. O-O {[%emt 0:00:47]} O-O-O {[%emt 0:01:34]} 9. Bc2 {[%emt 0:00:46]} d5 {[%emt 0:01:06]} 10. Ba4 $146 {[%emt 0:01:02]} ({Predecessor:} 10. b4 Bb6 11. Qe2 Rhe8 12. Re1 Nh5 13. exd5 Nf4 14. Qe4 Nd4 15. cxd4 {0-1 (58) Men,B-Sherzer,A (2460) Durango 1992}) 10... dxe4 {[%emt 0:10:10]} 11. dxe4 {[%emt 0:00:52]} Rhe8 {[%emt 0:03:31]} 12. Qe2 {[%emt 0:01:34]} Qd3 {[%emt 0:04:19]} 13. Qxd3 {[%emt 0:00:33]} Rxd3 {[%emt 0:00:03]} 14. Bc2 {[%emt 0:00:52]} Rdd8 {[%emt 0:00:53]} 15. b4 {[%emt 0:00:08]} Bd6 {[%emt 0:02:38]} 16. Bb2 {[%emt 0:00:32]} Ne7 {[%emt 0:06:06]} 17. h3 {[%emt 0:00:18]} Bh5 {[%emt 0:03:15]} 18. g4 {[%emt 0:00:12]} Bg6 {[%emt 0:00:11]} 19. a3 {[%emt 0:01:57]} Nc6 {[%emt 0:05:13]} 20. Rad1 {[%emt 0:00:24]} Bf8 {[%emt 0:02:32]} 21. Nh4 {[%emt 0:00:23]} a6 {[%emt 0:02:33]} 22. Nxg6 {[%emt 0:00:13]} hxg6 {[%emt 0:00:03]} 23. f3 Be7 {[%emt 0:07:07]} 24. Bb3 {[%emt 0:03:29]} Rh8 {[%emt 0:01:28]} 25. Bxf7 {[%emt 0:01:11]} Rxh3 {[%emt 0:04:10]} 26. Bxg6 {[%emt 0:01:54]} Rdh8 {[%emt 0:02:26]} 27. Kf2 {[%emt 0:00:33]} Rh2+ {[%emt 0:01:25]} 28. Kg1 {[%emt 0:01:43]} Rh1+ {[%emt 0:00:57]} 29. Kf2 {[%emt 0:00:28]} R1h2+ {[%emt 0:02:58]} 30. Ke3 {[%emt 0:01:55]} Nxg4+ {[%emt 0:05:32]} 31. fxg4 {[%emt 0:00:12]} Bg5+ {[%emt 0:02:10]} (31... R8h3+ $17 32. Rf3 Bg5+ 33. Kd3 Ne7 34. Rxh3 Rxh3+ 35. Ke2 Rh2+ 36. Kf1 Bxd2) 32. Kd3 {[%emt 0:00:11]} Bxd2 {[%emt 0:05:03]} 33. Kc2 {[%emt 0:00:23]} Bf4+ {[%emt 0:03:11]} 34. Kb1 {[%emt 0:00:10]} Re2 {[%emt 0:12:29]} 35. Bc1 {[%emt 0:00:44]} Rhh2 {[%emt 0:02:31]} 36. Bf7 {[%emt 0:01:27]} Bxc1 {[%emt 0:01:16]} 37. Rxc1 {[%emt 0:00:36]} Rb2+ {[%emt 0:01:34]} 38. Ka1 {[%emt 0:00:09]} Kd7 {[%emt 0:01:29]} 39. Bc4 {[%emt 0:01:25]} Nd8 {[%emt 0:00:59]} 40. Rh1 {[%emt 0:00:00]} b5 {[%emt 0:00:42]} 41. Rcd1+ {[%emt 0:07:58]} Ke7 {[%emt 0:02:54]} 42. Bg8 {[%emt 0:01:39]} Ne6 {[%emt 0:00:54]} 43. Rxh2 {[%emt 0:01:42]} Rxh2 {[%emt 0:00:12]} 44. Bxe6 {[%emt 0:02:26]} Kxe6 {[%emt 0:00:12]} 45. Rd8 {[%emt 0:03:53]} Rg2 {[%emt 0:12:03]} 46. Ra8 {[%emt 0:00:09]} Rxg4 {[%emt 0:00:19]} 47. Rxa6+ {[%emt 0:00:44]} Kd7 {[%emt 0:00:23]} 48. Ra8 {[%emt 0:00:49]} Rxe4 {[%emt 0:01:42]} 49. Kb2 {[%emt 0:02:26]} Re2+ {[%emt 0:01:17]} 50. Kc1 {[%emt 0:00:36]} g5 {[%emt 0:00:25]} 51. Kd1 {[%emt 0:01:08]} Rg2 {[%emt 0:02:47]} 52. Rg8 {[%emt 0:02:48]} Kd6 {[%emt 0:01:18]} 53. Ke1 {[%emt 0:00:23]} c6 {[%emt 0:00:43]} 54. Rd8+ {[%emt 0:00:14]} Ke6 {[%emt 0:00:47]} 55. Rd3 {[%emt 0:03:04]} e4 {[%emt 0:00:55]} 56. Re3 {[%emt 0:00:34]} Ke5 {[%emt 0:01:28]} 57. Kf1 {[%emt 0:00:12]} Ra2 {[%emt 0:00:31]} 58. Re2 {[%emt 0:00:27]} Rxe2 {[%emt 0:02:13]} 59. Kxe2 {[%emt 0:00:14]} g4 {[%emt 0:00:34]} 60. Kf2 {[%emt 0:00:23]} Kd5 {[%emt 0:00:18]} 61. a4 bxa4 {[%emt 0:00:18]} 62. Ke1 {[%emt 0:01:03]} a3 {[%emt 0:00:11]} 63. Kf2 {[%emt 0:00:23]} a2 {[%emt 0:00:08]} 64. c4+ {[%emt 0:00:55]} Kxc4 {[%emt 0:00:11]} 65. Ke2 {[%emt 0:00:26]} a1=Q {[%emt 0:00:15]} 66. Kd2 {[%emt 0:00:16]} Qc3+ {[%emt 0:00:24]} 67. Kd1 {[%emt 0:00:08]} Kd3 {[%emt 0:00:47]} 68. b5 {[%emt 0:00:53]} Qd2# {[%emt 0:00:09]} 0-1

[Event "XIX Sants Open 2017"]
[Site "Cotxeres de Sants"]
[Date "2017.08.25"]
[Round "8"]
[White "Jumabayev, Rinat"]
[Black "Vocaturo, Daniele"]
[Result "1/2-1/2"]
[WhiteElo "2610"]
[BlackElo "2596"]
[Annotator "TA"]
[PlyCount "335"]
[EventDate "2017.??.??"]
[EventType "swiss"]
[EventCountry "ESP"]
[SourceTitle "playchess.com"]
[Source "ChessBase"]
[SourceQuality "1"]

{[%evp 15,335,-6,-6,-11,-12,-3,-7,-25,-18,-15,-15,-12,-12,-13,-11,-14,-14,-18,-14,-15,-19,-21,-18,-23,-24,-37,-33,-61,-40,-40,-34,-43,-35,-35,-35,-40,-44,-34,-4,-4,-4,-3,-4,-16,0,0,0,0,0,0,0,0,0,0,0,-11,-11,-88,-11,-16,0,0,0,-21,0,0,0,0,0,0,0,-13,-13,-23,-24,-79,-79,-79,-79,-78,-31,-31,-31,-31,-31,-55,-55,-55,-55,-55,-55,-70,-70,-70,-70,-70,-70,-70,-70,-200,-200,-200,-200,-200,-192,-185,-185,-185,-185,-185,-176,-4562,-4437,-779,-133,-133,-133,-133,-133,-133,-99,-133,-133,-133,-133,-133,-133,-133,-133,-133,-133,-141,-133,-133,-133,-133,-133,-133,-71,-71,-56,-71,-71,-71,-71,-71,-71,-71,-8,-12,-8,-8,-8,-12,-12,-12,-12,-12,-2,-2,-2,-2,-2,-2,-2,-2,-2,-2,-2,-2,0,-2,-2,-2,-2,-2,-2,-2,-2,-2,-2,-2,0,-2,0,-2,-2,-2,-2,-2,-2,-2,0,-2,-2,-2,-2,-2,-2,-2,-2,-2,0,-2,0,-2,0,0,0,0,0,0,0,-2,0,-2,0,0,0,0,0,-2,0,-2,0,0,0,0,0,0,0,0,0,0,0,0,0,0,0,0,0,0,0,0,0,0,0,0,0,0,0,0,0,0,0,0,0,0,0,0,0,0,0,0,0,0,0,0,0,0,0,0,0,0,0,0,0,0,0,0,0,0,0,0,0,0,0,0,0,0,0,0,0,0,0,0,0,0,0,0,0,0,0,0,0,0,0,0,0,0,0,0,0,0,0,0,0,0,0,0,0,0]} 1. Nf3 Nf6 2. c4 g6 3. g3 Bg7 4. Bg2 O-O 5. d4 d6 6. O-O Bf5 7. Nc3 Ne4 8. Nxe4 {E60: King's Indian: Unusual lines and Fianchetto Variation without Nc3} (8. Bd2 Nc6 9. Nxe4 Bxe4 10. Bc3 d5 11. Qb3 dxc4 12. Qxc4 Qd7 13. Rfd1 Rfd8 14. d5 Bxd5 15. Qh4 Qf5 16. Rxd5 Rxd5 {½-½ (69) Mamedyarov,S (2746)-Caruana,F (2804) Shamkir 2016}) 8... Bxe4 {LiveBook: 41 Games} 9. Bh3 Bxf3 10. exf3 d5 11. Qb3 $146 ({Find the theoretical novelty and annotate with similar games:} 11. c5 e5 12. dxe5 Bxe5 13. Bh6 Re8 14. Qd2 Na6 15. Rac1 c6 {0-1 (48) Nebolsina,V (2073)-Moskalenko,A (2231) Serpukhov 2004}) 11... Nc6 {[%cal Bb8c6,Bc6d4,Bd4e2][%mdl 32]} 12. Qxb7 Nxd4 13. Qxd5 Ne2+ 14. Kg2 Nxc1 15. Raxc1 Bxb2 16. Rcd1 Qxd5 17. Rxd5 e6 18. Rc5 Rfc8 19. Rb1 Bd4 20. Rc6 Rab8 21. Rb5 Kf8 (21... a6 $5 22. Rb3 Rxb3 23. axb3 Rb8 24. Rxc7 Rxb3 $17) 22. Rxc7 Rxc7 23. Rxb8+ $15 {[%mdl 4096] Endgame KRB-KRB} Ke7 24. Rb4 a5 {[%mdl 1024] Black has compensation.} 25. Ra4 Bc3 26. f4 Rc5 27. Bg4 Bb4 28. Be2 Kd6 29. Bd3 f5 30. Kf3 h6 31. h4 (31. a3 $5 {[%cal Ra3b4]} Bc3 32. Bc2 $11) 31... h5 32. Be2 Kc6 33. Kg2 e5 34. Bf3+ e4 35. Bd1 Kb6 {Hoping for ...Rc8.} 36. Bb3 (36. Be2 $11) 36... Kc7 ({Better is} 36... Rc7 $17 {And now ...Bc5 would win.} 37. c5+ Kb5) 37. Kf1 $11 Kd6 38. Ke2 Kc7 39. Kf1 Kd7 40. Ke2 Ke7 41. Kf1 Kd8 42. Ke2 Kc8 43. Kf1 Kb7 44. Ke2 (44. f3 $5) 44... Kb6 45. f3 (45. a3 $1 $11 {remains equal.} Bc3 46. Ke3) 45... exf3+ $17 46. Kxf3 Rc7 47. c5+ Rxc5 48. Bf7 $1 Rc3+ 49. Kg2 Re3 50. Bxg6 Kb5 51. Rxb4+ $1 Kxb4 52. Bxh5 $15 {KR-KB} Kc5 $1 53. Kf2 Ra3 54. Bf7 Kd6 $1 55. Kg2 Ke7 56. Bd5 Kf6 57. h5 {[#]} (57. Bc4 $15) 57... a4 $1 $19 58. Kh3 Rd3 59. Bc4 Rc3 60. Bg8 Rc1 61. Kg2 Rc8 62. Bd5 Rh8 63. g4 $2 (63. Bc4) 63... fxg4 64. Kg3 {[#]} Rxh5 $2 (64... Rd8 $1 $19 {[%cal Rd8d5]} 65. Bc4 Rc8) 65. Bc6 $17 Rh3+ 66. Kxg4 Ra3 67. Bd5 Rc3 68. Bg8 Rc7 {( -> ...Rg7+)} 69. Bd5 Rd7 70. Bc4 Rd1 71. Kf3 Rd4 72. Bg8 Rd8 73. Bh7 Rh8 74. Bd3 Rh2 75. Bc4 Rc2 76. Bd5 Ke7 (76... Rc1 $142 77. Ke4 Rc2) 77. Ke4 Kd6 78. Bg8 Rc1 79. Bf7 Re1+ 80. Kd3 Ke7 81. Bc4 Kf6 ({Black should try} 81... Rf1 $17 82. Ke4 Rc1) 82. Kc3 {The position is equal.} Re4 83. f5 Ke5 84. Be6 (84. Bd3 $5 {[%cal Rd3e4]} Rf4 85. f6 $17) 84... Rd4 85. Bf7 Rf4 86. Be8 Kxf5 87. Kb2 $1 Ke5 88. Ka3 Kd4 {Strongly threatening ...Kc3.} 89. Kxa4 Rf8 90. Bd7 Rb8 (90... Rf1 {feels hotter.} 91. Be6 Rf6 92. Bg8 Rf8 93. Bb3 Kc5) 91. Be6 Kc5 92. Ka3 $1 Kd4 93. Ka4 Rb7 94. Bb3 Rb6 95. Bf7 Kc5 96. Ka3 Rf6 97. Bg8 Rf3+ 98. Kb2 Kd4 99. Be6 Kc5 100. Bg8 Rg3 101. Bf7 Kb4 (101... Rg7 $5 {[%cal Rg7f7]} 102. Bb3 Rg2+ 103. Kc3 Rg3+ 104. Kb2 Re3 $11) 102. Kc2 Rc3+ 103. Kd2 Rg3 104. Kc2 Rg7 105. Be6 Kc5 106. Kc3 Re7 107. Bg8 Re3+ 108. Kc2 Kd4 109. Kb2 Rc3 110. Bf7 Kd3 111. Bb3 Rc8 112. Be6 Rb8+ (112... Re8 {looks sharper.} 113. Bf7 Rf8 114. Be6 Rf6 115. Bg8 Rf2+) 113. Bb3 Rb4 114. Kc1 Rf4 115. Kb2 Kd2 116. Bg8 Rb4+ 117. Bb3 Kd3 118. Kc1 Rf4 119. Kb2 Rh4 120. Bf7 Rb4+ 121. Bb3 Kd2 122. a3 {[%cal Ba2a3,Ba3a4][%mdl 32]} Rb8 123. a4 Kd3 124. a5 Ra8 125. Bc2+ (125. a6 {is interesting.} Rxa6 126. Ba2 Ke3 127. Kb3 Kf2 128. Kb2) 125... Kc4 126. Bb3+ Kb4 127. Bc2 (127. a6 $5) 127... Rxa5 128. Bb1 Rh5 129. Bg6 Rh2+ 130. Kb1 Rh6 131. Bf7 Kc3 132. Bg8 Rg6 133. Bf7 Rb6+ 134. Ka1 Kc2 (134... Rb7 $5 {[%cal Rb7f7]} 135. Bg8 Rg7 $15) 135. Bd5 Rd6 136. Bg8 Rb6 137. Bd5 Rb1+ 138. Ka2 Rb5 {[%cal Rb5a5]} 139. Be4+ Kc3 140. Bg6 Rb2+ 141. Ka1 Rb6 142. Bf7 Rb8 143. Be6 Kc2 144. Bf5+ Kb3 145. Kb1 Rf8 146. Be6+ (146. Bc2+ {is more complex.} Kc3 147. Bh7 Rf1+ 148. Ka2 Kc4 149. Bg6) 146... Kc3 147. Bd5 Rf1+ 148. Ka2 Rg1 149. Be6 Rh1 150. Bf7 Rg1 151. Be6 Rg6 152. Bd5 (152. Bf7 {keeps more tension.} Rg2+ 153. Ka1 Rg1+ 154. Ka2 Rg2+) 152... Rg3 (152... Rg1 {seems wilder.}) 153. Kb1 Rh3 (153... Rg1+ {looks sharper.} 154. Ka2 Rf1 155. Bc6 Rf6 156. Bd5 Kd4) 154. Bf7 Rh2 155. Be6 Rb2+ 156. Ka1 Kc2 (156... Rf2 {with more complications.} 157. Bg4 Kd4 158. Kb1 Ke5 159. Kc1 Rg2) 157. Bf5+ Kc3 158. Be6 Kc2 (158... Re2 {is more complex.} 159. Bg4 Rh2 160. Kb1 Rb2+ 161. Ka1 Rg2) 159. Bf5+ Kb3 160. Be6+ Ka3 161. Bf5 Rb4 162. Bg6 Rb6 163. Bh7 Rh6 164. Be4 Re6 165. Bh7 Re1+ 166. Bb1 Kb4 167. Kb2 Re2+ 168. Bc2 {Precision: White = 67%, Black = 74%.} 1/2-1/2

[Event "XIX Sants Open 2017"]
[Site "Cotxeres de Sants"]
[Date "2017.08.25"]
[Round "8"]
[White "Svetushkin, Dmitry"]
[Black "Salinas Herrera, Pablo"]
[Result "1-0"]
[WhiteElo "2558"]
[BlackElo "2411"]
[Annotator "TA"]
[PlyCount "93"]
[EventDate "2017.??.??"]
[EventType "swiss"]
[EventCountry "ESP"]
[SourceTitle "playchess.com"]
[Source "ChessBase"]
[SourceQuality "1"]

{[%evp 9,93,10,23,20,29,20,25,23,22,18,54,18,18,18,18,27,27,22,26,24,19,12,72,68,78,78,81,58,43,46,132,136,125,122,137,122,112,101,143,143,136,145,158,164,156,167,164,168,161,164,172,112,117,109,112,84,129,120,130,120,119,120,120,120,120,121,149,115,208,204,208,211,214,221,233,220,234,232,283,276,315,310,318,317,374,371]} 1. e4 c5 2. Nf3 d6 3. Bb5+ Nd7 4. c3 Ngf6 5. Bd3 (5. Qe2 a6 6. Ba4 b5 7. Bc2 Bb7 8. d4 e6 9. O-O Be7 10. Nbd2 Qc7 11. Bd3 Nh5 12. g3 Nhf6 13. b3 O-O 14. Bb2 c4 15. Bc2 cxb3 16. axb3 {½-½ (95) Ponomariov,R (2712)-Vidit,S (2692) Khanty-Mansiysk 2017}) 5... b6 6. O-O {B51: Sicilian: Moscow Variation (3 Bb5+) without 3...Bd7} Bb7 7. Re1 Qc7 8. Bc2 {White has an edge.} Rc8 9. Na3 $146 ({Find the theoretical novelty and annotate with similar games:} 9. d3 g6 10. a4 Bg7 11. Na3 e5 12. d4 cxd4 {½-½ (47) Palac,M (2573)-Brkic,A (2552) Valpovo 2017}) 9... e6 10. Nb5 Qb8 $1 11. d4 a6 12. Na3 cxd4 13. cxd4 (13. Qxd4 Be7 $15) 13... b5 14. d5 e5 15. Be3 b4 (15... Be7 $11 {keeps the balance.}) 16. Nb1 $16 Qc7 17. Bd3 Ng4 18. Bg5 h6 19. Bh4 Ngf6 ({Black should try} 19... g5 $14) 20. Bxf6 Nxf6 21. Qa4+ Nd7 22. Nbd2 (22. Bxa6 $2 Ra8 $19) 22... Be7 23. Nb3 (23. Bxa6 $2 Ra8 $17) 23... O-O 24. Rec1 ({But not} 24. Qxb4 $6 f5 $14) ({Avoid the trap} 24. Bxa6 $2 Ra8 $19) 24... Qd8 25. Rxc8 Qxc8 26. Rc1 Nc5 27. Nxc5 dxc5 28. Nxe5 Qc7 29. Nc4 f5 30. exf5 (30. Rd1 $18 fxe4 31. Bxe4) 30... Bxd5 31. Ne3 Bf7 32. Bc4 ({Much worse is} 32. Bxa6 $6 Ra8 $11) 32... Bxc4 33. Rxc4 Qe5 34. Qc2 Bf6 35. Rxc5 Qxb2 36. Qxb2 Bxb2 {[%mdl 4096] Endgame KRB-KRN} 37. Ra5 Rc8 38. g3 {[%cal Bg2g3,Bg3g4][%mdl 32]} Rc1+ (38... Bd4 $16 {was worth a try.} 39. Rxa6 Rc3) 39. Kg2 $18 Bd4 40. Rxa6 Ra1 {...b3 would now be nice for Black.} 41. Ra4 Bc5 42. g4 Kf7 43. h4 Rb1 44. Nc4 Rd1 45. Ra6 Kf8 46. Ra8+ Ke7 47. Ra5 {Precision: White = 81%, Black = 55%.} 1-0

[Event "XIX Sants Open 2017"]
[Site "Cotxeres de Sants"]
[Date "2017.08.25"]
[Round "8"]
[White "Schroeder, Jan-Christian"]
[Black "Suarez Uriel, Adrian"]
[Result "1/2-1/2"]
[WhiteElo "2539"]
[BlackElo "2406"]
[Annotator "TA"]
[PlyCount "39"]
[EventDate "2017.??.??"]
[EventType "swiss"]
[EventCountry "ESP"]
[SourceTitle "playchess.com"]
[Source "ChessBase"]
[SourceQuality "1"]

{[%evp 11,39,24,37,18,35,46,58,37,41,35,47,45,189,-27,-23,-10,-8,-45,0,0,0,-1,0,0,14,-8,-7,-17,-16,-8]} 1. e4 c5 2. Nf3 Nc6 3. d4 cxd4 4. Nxd4 e6 5. Nc3 Qc7 6. Be3 Nf6 7. f4 {B48: Sicilian: Taimanov: 5 Nc3 Qc7 6 Be3 a6 without Be2} Nxd4 (7... Bb4 8. Ndb5 Qa5 9. e5 Nd5 10. Bd2 Nxc3 11. Bxc3 O-O 12. Qd2 a6 13. Bxb4 Qxb4 14. Qxb4 Nxb4 15. Nd4 {½-½ (15) Motylev,A (2656)-Svidler,P (2751) Tallinn 2016}) 8. Qxd4 Ng4 9. O-O-O {White is slightly better.} (9. Nb5 {looks sharper.} Qc6 10. Bg1 b6 11. O-O-O Bb7 12. a3) 9... Nxe3 10. Qxe3 a6 11. e5 d5 (11... b5 $14) 12. Bd3 $2 (12. exd6 $1 $18 Bxd6 {[#]} 13. Bb5+ $1 {[%mdl 512]} Kf8 14. Nd5 $1 {[%mdl 512]}) 12... Bd7 $11 13. Ne2 $146 ({Predecessor:} 13. f5 O-O-O 14. Rhf1 Bc5 {½-½ (40) Gutierrez Castillo,O (2213)-Dourerassou,J (2348) Agneaux 2004}) 13... Bc5 14. Nd4 O-O-O 15. Kb1 {The position is equal.} Kb8 16. Rhf1 Rc8 17. c3 Qb6 18. Rd2 g6 19. Rc1 Rc7 20. Be2 {Precision: White = 33%, Black = 46%.} 1/2-1/2